Catálogo
 En Linea

El niño antes de nacer : (Registro nro. 23189)

Detalles MARC
000 -CABECERA
campo de control de longitud fija 00806nam a2200241 a 4500
001 - NÚMERO DE CONTROL
campo de control 000023693
005 - FECHA Y HORA DE LA ÚLTIMA TRANSACCIÓN
campo de control 20250519123339.0
008 - DATOS DE LONGITUD FIJA--INFORMACIÓN GENERAL
campo de control de longitud fija 101220s2000 sp a r 000 0 spa d
020 ## - NÚMERO INTERNACIONAL ESTÁNDAR DEL LIBRO
Número Internacional Estándar del Libro 8484036162
040 ## - FUENTE DE LA CATALOGACIÓN
Centro catalogador/agencia de origen DO-SdBNP
Lengua de catalogación spa
Centro/agencia transcriptor BNPHU
082 ## - NÚMERO DE LA CLASIFICACIÓN DECIMAL DEWEY
Número de clasificación 612.63
Número de documento/Ítem G643n
049 ## - FONDOS LOCALES (OCLC)
Fondos de biblioteca BNGR
100 1# - ENTRADA PRINCIPAL--NOMBRE DE PERSONA
Nombre de persona González Ramírez, José Francisco
9 (RLIN) 48803
245 10 - MENCIÓN DE TÍTULO
Título El niño antes de nacer :
Resto del título la estimulación prenatal y el embarazo /
Mención de responsabilidad, etc. José Francisco González Ramírez.
260 ## - PUBLICACIÓN, DISTRIBUCIÓN, ETC.
Lugar de publicación, distribución, etc. Madrid :
Nombre del editor, distribuidor, etc. Edimat,
Fecha de publicación, distribución, etc. 2000.
300 ## - DESCRIPCIÓN FÍSICA
Extensión 184, [1] p. :
Otras características físicas il. ;
Dimensiones 22 cm.
490 1# - MENCIÓN DE SERIE
Mención de serie Temas de familia
Designación de volumen o secuencia 7
650 #0 - PUNTO DE ACCESO ADICIONAL DE MATERIA--TÉRMINO DE MATERIA
Término de materia o nombre geográfico como elemento de entrada Embrazo
9 (RLIN) 1406
650 #4 - PUNTO DE ACCESO ADICIONAL DE MATERIA--TÉRMINO DE MATERIA
Término de materia o nombre geográfico como elemento de entrada Fisiología
9 (RLIN) 36799
650 #4 - PUNTO DE ACCESO ADICIONAL DE MATERIA--TÉRMINO DE MATERIA
Término de materia o nombre geográfico como elemento de entrada Embarazo
Subdivisión general Aspectos psicológicos
9 (RLIN) 48804
650 #4 - PUNTO DE ACCESO ADICIONAL DE MATERIA--TÉRMINO DE MATERIA
Término de materia o nombre geográfico como elemento de entrada Fetos expuestos al abuso de substancias
9 (RLIN) 48805
830 #0 - PUNTO DE ACCESO ADICIONAL DE SERIE-TÍTULO UNIFORME
Título uniforme Temas de familia ;
Designación de volumen o secuencia 7
9 (RLIN) 48806
Existencias
Estado de retiro Estado de pérdida Restricciones de uso No para préstamo Código de colección Localización permanente Ubicación/localización actual Ubicación en estantería Fecha de adquisición Número de inventario Total de préstamos Signatura topográfica completa Código de barras Fecha visto por última vez Precio válido a partir de Tipo de ítem Koha
        Monografías: Libros y Folletos General General En catalogación 20.12.2010 LF1   612.63 G643n 23693-10 25.06.2020 25.06.2020 Préstamo en sala

Con tecnología Koha